Novelle maut - Statistics

Yleistilastot
  • Tätä visaa on pelattu 22 kertaa
  • Keskiarvotulos 3 / 13
Vastaustilastot
Kuvavisa Vastaus % Oikein
Mango&guava
75%
Ananas&passion
44%
Vihreä omena
38%
Mustikka&karhunvatukka
25%
Kurkku&minttu
19%
Mango&passion
19%
Vadelma&sitruuna
19%
Mango&appelsiini
6%
Mustikka&granaattiomena
6%
Vadelma&mustikka
6%
Vesimeloni&yuzu
6%
Aprikoosi&Jasmiini&Aloe Vera
0%
Raparperi&vadelma
0%
Ehtoja vastaavia visoja ei löytynyt
Tulosjakauma
Jokaisen tuloksen saaneiden osuus
Persentiili vastausten määrän mukaan
Tuloshistoriasi
Et ole pelannut tätä visaa